01009nam a2200253 a 450000100060000000300090000600800410001502000150005604000280007108200140009910000650011324500460017826000500022430000110027449000310028559000670031665000170038365000220040065000230042294200120044599900170045795201490047495201320062319106CO-ViMGA141112s2004 ck r 000 u spa d a9681658175 aCO-ViMGAbspacCO-ViMGA04a536 R487c1 aRius de Riepen, Magdalena; Castro - Acuña, Mauricio92740110aCalor y movimiento : bciencia para todos aMexico : bFondo de Cultura Ecónomica; 1999 a106 p. aLa ciencia para todos / 85 aForma de adquisición : Premio Mincultura - - Precio : 20.70014aCALOR91965914aMOVIMIENTO91745814aTEMPERATURA927402 2ddccBK c28279d28279 00102ddc40708003aMEVIECARbMEVIECARd2015-12-04hVolumen. 1 | 11/jun/2009l0o536 R487c p19106r2015-12-04 00:00:00tEj. 1w2015-12-04yBK 00102ddc40708GENaMECUMARAbMECUMARAcGENd2024-06-12l0o536,2012R38cpCUM00427r2024-06-12 16:03:51tEj.1w2024-06-12yBK